000 02765nam a22003617a 4500
005 20121026150434.0
008 121026t xxu||||| |||| 00| 0 eng d
010 _aENG-106138
020 _a9781259025860
_c750.00
020 _a1259025861
_c750.00
035 _aEN-89671
037 _bDBAD/PUB
040 _aDPL
_bEng
042 _apcc
082 0 0 _a005.7585
_223
100 1 _aPetković, Dušan
_953377
245 1 0 _aMicrosoft SQL Server 2012 :
_ba beginner's guide /
_cby Dušan Petković
250 _a5th ed
260 _aNew Delhi
_bTata McGraw Hill
_cc2012
270 _a7 West patel Nagar
_bNew Delhi
_e110008
300 _axxxvi, 795p. :
_bill.
_c24cm(pbk)
500 _aIncludes index
520 _a"Essential Microsoft SQL Server 2012 Skills Made Easy. Get up and running on Microsoft SQL Server 2012 in no time with help from this thoroughly revised, practical resource. Filled with real-world examples and hands-on exercises, Microsoft SQL Server 2012: A Beginner's Guide, Fifth Edition starts by explaining fundamental relational database system concepts. Then, you'll learn how to write Transact-SQL statements, execute simple and complex database queries, handle system administration and security, and use the powerful analysis, business intelligence, and reporting tools. XML, spatial data, and full-text search are also covered in this step-by-step tutorial. Install, configure, and customize SQL Server 2012 Create and modify database objects with Transact-SQL statements Write stored procedures and user-defined functions Handle backup and recovery Automate administrative tasks Tune your database system for optimal performance, availability, and reliability Implement security measures using authentication, encryption, and authorization Work with SQL Server Analysis Services, SQL Server Reporting Services, and other business intelligence tools Store, display, and query XML documents Manage spatial data Query documents using MS Full-Text Search (FTS) "--
630 0 0 _aSQL server.
_953383
650 0 _aClient/server computing.
_953379
650 0 _aRelational databases.
_953380
856 4 2 _3Contributor biographical information
_uhttp://www.loc.gov/catdir/enhancements/fy1212/2012007034-b.html
856 4 2 _3Publisher description
_uhttp://www.loc.gov/catdir/enhancements/fy1212/2012007034-d.html
856 4 1 _3Table of contents only
_uhttp://www.loc.gov/catdir/enhancements/fy1212/2012007034-t.html
942 _2ddc
_cEN
_h005.7585
_mPET
999 _c71121
_d71121